|
|
|
|
| LEADER |
00770nab a2200229 i 4500 |
| 001 |
publ32455 |
| 005 |
20250305084310.0 |
| 008 |
250305s1995 hu o 000 eng d |
| 022 |
|
|
|a 0148-3919
|
| 024 |
7 |
|
|a 10.1080/10826079508010395
|2 doi
|
| 024 |
7 |
|
|a 123065
|2 mtmt
|
| 040 |
|
|
|a SZTE Publicatio Repozitórium
|b hun
|
| 041 |
|
|
|a eng
|
| 100 |
1 |
|
|a Kalász Huba
|
| 245 |
1 |
0 |
|a Displacement thin-layer chromatography of some ecdysteroids
|h [elektronikus dokumentum] /
|c Kalász Huba
|
| 260 |
|
|
|c 1995
|
| 300 |
|
|
|a 837-848
|
| 490 |
0 |
|
|a JOURNAL OF LIQUID CHROMATOGRAPHY
|v 18 No. 5
|
| 650 |
|
4 |
|a Általános orvostudomány
|
| 700 |
0 |
1 |
|a Báthori Mária
|e aut
|
| 700 |
0 |
1 |
|a Máthé Imre
|e aut
|
| 856 |
4 |
0 |
|u http://publicatio.bibl.u-szeged.hu/32455/1/aok_klny_84_95.pdf
|z Dokumentum-elérés
|